书目信息 |
| 题名: |
排队论
|
|
| 作者: | 陆传赉 编著 | |
| 分册: | ||
| 出版信息: | 北京 北京邮电大学出版社 2009.09 |
|
| 页数: | 231页 | |
| 开本: | 24cm | |
| 丛书名: | ||
| 单 册: | ||
| 中图分类: | O226 | |
| 科图分类: | ||
| 主题词: | 排队论--pai dui lun | |
| 电子资源: | ||
| ISBN: | 978-7-5635-2075-6 | |
| 000 | 00877nam0 2200253 450 | |
| 001 | 012010234937 | |
| 005 | 20100104141444.17 | |
| 010 | @a978-7-5635-2075-6@dCNY25.00 | |
| 100 | @a20100104d2009 em y0chiy0120 ea | |
| 101 | 0 | @achi |
| 102 | @aCN@b110000 | |
| 105 | @aa a 000yy | |
| 106 | @ar | |
| 200 | 1 | @a排队论@Apai dui lun@f陆传赉编著@Flu chuan lai bian zhu |
| 205 | @a第2版 | |
| 210 | @a北京@c北京邮电大学出版社@d2009.09 | |
| 215 | @a231页@c图@d24cm | |
| 320 | @a有书目 (第231页) | |
| 330 | @a本书专门介绍排队论的基本理论和方法。全书共分八章:前两章为预备知识;后面主要介绍单服务窗排队模型M/M/1,多服务窗排队模型M/M/n,非马尔可夫排队模型,离散时间排队模型,特殊排队模型及排队系统中的优化模型。 | |
| 606 | 0 | @a排队论@Apai dui lun |
| 690 | @aO226@v4 | |
| 701 | 0 | @a陆传赉@Alu chuan lai@4编著 |
| 801 | 0 | @aCN@bQSSK@c20100104 |
| 905 | @b770813-17@dO226@eL833@f5 | |
| 排队论/陆传赉编著.-第2版.-北京:北京邮电大学出版社,2009.09 |
| 231页:图;24cm |
| ISBN 978-7-5635-2075-6:CNY25.00 |
| 本书专门介绍排队论的基本理论和方法。全书共分八章:前两章为预备知识;后面主要介绍单服务窗排队模型M/M/1,多服务窗排队模型M/M/n,非马尔可夫排队模型,离散时间排队模型,特殊排队模型及排队系统中的优化模型。 |
| ● |
| 相关链接 |
|
|
|
正题名:排队论
索取号:O226/L833
 
预约/预借
| 序号 | 登录号 | 条形码 | 馆藏地/架位号 | 状态 | 备注 |
| 1 | 770813 | 207708131 | 自科库401/401自科库 48排5列1层/ [索取号:O226/L833] | 在馆 | |
| 2 | 770814 | 207708140 | 自科库401/401自科库 48排5列1层/ [索取号:O226/L833] | 在馆 | |
| 3 | 770815 | 207708159 | 自科库401/401自科库 48排5列1层/ [索取号:O226/L833] | 在馆 | |
| 4 | 770816 | 207708168 | 自科库401/401自科库 48排5列1层/ [索取号:O226/L833] | 在馆 | |
| 5 | 770817 | 207708177 | 自科库401/401自科库 48排5列1层/ [索取号:O226/L833] | 在馆 |